| 000 | 00538cam a2200217ua 4500 | ||
|---|---|---|---|
| 020 | _c95.00 | ||
| 041 |
_aeng _h |
||
| 082 |
_a671 _bAPP/TE |
||
| 100 | _aAppold, Hans . | ||
| 245 |
_aTechnology of the metal trade / _cHans Appold. _hTextual Documents |
||
| 250 |
_a1 / _b. |
||
| 260 |
_aNew Delhi : _bWiley Eastern Ltd , _c1982. |
||
| 300 | _a357 ; . | ||
| 365 | _a95.00 | ||
| 504 | _a | ||
| 700 | 1 | _aFeiler, Hurt . | |
| 700 | 1 | _aReinhald, Alfred . | |
| 700 | 1 | _aSchmidt, Paul . | |
| 942 | _cBK | ||
| 999 |
_c1613 _d1613 |
||